LIBRARY & INFORMATION CENTRE, KCAET, TAVANUR

ONLINE PUBLIC ACCESS CATALOGUE (OPAC)

PERFORMANCE EVALUATION OF DRIP IRRIGATION IN PADDY CULTIVATION (Record no. 19633)

MARC details
000 -LEADER
fixed length control field 00606nam a22001817a 4500
003 - CONTROL NUMBER IDENTIFIER
control field OSt
082 ## - DEWEY DECIMAL CLASSIFICATION NUMBER
Classification number 631.587
Item number LAK/PE
088 ## - REPORT NUMBER
Report number P 660
100 ## - MAIN ENTRY--AUTHOR NAME
Personal name LAKSHMI KP
100 ## - MAIN ENTRY--AUTHOR NAME
Personal name ELMA SUSAN EAPPEN
100 ## - MAIN ENTRY--AUTHOR NAME
Personal name GAURAV KUMAR
245 ## - TITLE STATEMENT
Title PERFORMANCE EVALUATION OF DRIP IRRIGATION IN PADDY CULTIVATION
260 ## - PUBLICATION, DISTRIBUTION, ETC. (IMPRINT)
Place of publication Tavanur
Name of publisher DEPARTMENT OF IRRIGATION AND DRAINAGE ENGINEERING, KELAPPAJI COLLEGE OF AGRICULTURAL ENGINEERING AND FOOD TECHNOLOGY
Year of publication 2025
700 ## - ADDED ENTRY--PERSONAL NAME
Personal name Sajeena S
856 ## - ELECTRONIC LOCATION AND ACCESS
Uniform Resource Identifier http://14.139.181.140:8080/jspui/handle/123456789/2203
942 ## - ADDED ENTRY ELEMENTS (KOHA)
Koha item type Project Report
Holdings
Collection code Home library Current library Full call number Accession Number Koha item type
Reference KAUAET KAUAET 631.587 LAK/PE P 660 Project Report
free website counter